भगवान परशुराम / (Record no. 56921)

MARC details
000 -LEADER
fixed length control field 01015nam a22002657a 4500
005 - DATE AND TIME OF LATEST TRANSACTION
control field 2010101908158.0
008 - FIXED-LENGTH DATA ELEMENTS--GENERAL INFORMATION
fixed length control field 101019t xxu||||| |||| 00| 0 hin d
010 ## - LCCN (DPL NO)
LC control number HIN-94087
020 ## - INTERNATIONAL STANDARD BOOK NUMBER
Terms of availability 350.00
International Standard Book Number 9788190735223
035 ## - SYSTEM CONTROL NUMBER
System control number HN-66433
037 ## - SOURCE OF ACQUISITION
Source of stock number/acquisition DBAD / PUB
040 ## - CATALOGING SOURCE
Original cataloging agency DPL
Language of cataloging HN
082 ## - DEWEY DECIMAL CLASSIFICATION NUMBER
Classification number 821
100 ## - MAIN ENTRY--PERSONAL NAME
9 (RLIN) 23632
Personal name शर्मा,रामकृष्ण
245 ## - TITLE STATEMENT
Title भगवान परशुराम /
Statement of responsibility, etc रामकृष्ण शर्मा
260 ## - PUBLICATION, DISTRIBUTION, ETC. (IMPRINT)
Place of publication, distribution, etc जयपुर
Name of publisher, distributor, etc पुनीत प्रकाशन
Date of publication, distribution, etc 2011
270 ## - ADDRESS
Address ए-3,कान्ती नगर
City जयपुर
300 1# - PHYSICAL DESCRIPTION
Extent 255पृ.
Dimensions 22सेमी (सजिल्द)
650 ## - SUBJECT ADDED ENTRY--TOPICAL TERM
9 (RLIN) 657
Topical term or geographic name as entry element हिन्दी कविता
650 ## - SUBJECT ADDED ENTRY--TOPICAL TERM
9 (RLIN) 34273
700 ## - ADDED ENTRY--PERSONAL NAME
9 (RLIN) 34278
710 ## - ADDED ENTRY--CORPORATE NAME
9 (RLIN) 34811
942 ## - ADDED ENTRY ELEMENTS (KOHA)
Source of classification or shelving scheme Dewey Decimal Classification
Item type Hindi Books
Classification part 821
Call number suffix शर्मारा
Holdings
Withdrawn status Lost status Source of classification or shelving scheme Damaged status Not for loan Collection code Home library Current library Date acquired Source of acquisition Cost, normal purchase price Total Checkouts Full call number Barcode Date last seen Copy number Cost, replacement price Koha item type
    Dewey Decimal Classification   Not For Loan Non-fiction D.B.Act.Division D.B.Act.Division 23/09/2011 DBAD/PUB 350.00   821 शर्मारा HN-66433 23/09/2011 1 350.00 Hindi Books

© Delhi Public Library
Hit Counter
free hit counter